00309cam a22000977a 4500008004000000100001600040245006200056260005200118300001000170500003100180180718b1960 xxu||||| |||| 00| 0 eng d aMathur,G.C. aRural housing and village planningcEdited by G.C. Mathur aNew DelhibNational building organisationc1960 a353p. aProceedings of the seminar